Aston Villa Squad 1981-1982 - Statistics

General Stats
  • This quiz has been taken 6 times
  • The average score is 11 of 29
Answer Stats
Position Nation Player % Correct
FW England Tony Morley
100%
MF England Dennis Mortimer
83%
FW England Gary Shaw
83%
MF England Gordon Cowans
83%
GK England Nigel Spink
83%
FW England Peter Withe
83%
MF Scotland Des Bremner
67%
DF England Gary Williams
67%
GK England Jimmy Rimmer
67%
Coach England Ron Saunders
67%
DF Scotland Allan Evans
50%
DF Scotland Ken McNaught
50%
Coach England Tony Barton
50%
DF England Colin Gibson
33%
DF England Kenny Swain
33%
MF Scotland Andy Blair
17%
MF England Ivor Linton
17%
DF England Mark Jones
17%
DF England Noel Blake
17%
DF England Pat Heard
17%
MF England Paul Birch
17%
MF England Terry Bullivant
17%
DF England Brendan Ormsby
0%
FW England David Geddis
0%
DF Ireland Eamon Deacy
0%
MF England Gary Shelton
0%
GK England Kevin Poole
0%
FW England Robert Hopkins
0%
FW Ireland Terry Donovan
0%
No matching quizzes found
Score Distribution
Percent of People with Each Score
Percentile by Number Answered
Your Score History
You have not taken this quiz